000 01781nam a2200409Ia 4500
001 ebr10436018
003 CaPaEBR
006 m u
007 cr cn|||||||||
008 070327s2008 txua sb s001 0 eng d
010 _z 2007012869
020 _z9781585446445 (cloth : alk. paper)
020 _z1585446440 (cloth : alk. paper)
020 _z9781585446285 (pbk. : alk. paper)
020 _z1585446289 (pbk. : alk. paper)
040 _aCaPaEBR
_cCaPaEBR
035 _a(OCoLC)698590824
050 1 4 _aJK528
_b.C36 2008eb
082 0 4 _a324.70973
_222
100 1 _aCampbell, James E.,
_d1952-
245 1 4 _aThe American campaign
_h[electronic resource] :
_bU.S. presidential campaigns and the national vote /
_cJames E. Campbell.
250 _a2nd ed.
260 _aCollege Station :
_bTexas A&M University Press,
_cc2008.
300 _axxii, 312 p. :
_bill.
490 1 _aJoseph V. Hughes Jr. and Holly O. Hughes series on the presidency and leadership
504 _aIncludes bibliographical references (p. [279]-291) and index.
533 _aElectronic reproduction.
_bPalo Alto, Calif. :
_cebrary,
_d2011.
_nAvailable via World Wide Web.
_nAccess may be limited to ebrary affiliated libraries.
650 0 _aPresidents
_zUnited States
_xElection.
650 0 _aPolitical campaigns
_zUnited States.
650 0 _aVoting
_zUnited States.
650 0 _aElection forecasting
_zUnited States.
650 0 _aPolitical science
_zUnited States.
655 7 _aElectronic books.
_2local
710 2 _aebrary, Inc.
830 0 _aJoseph V. Hughes, Jr., and Holly O. Hughes series in the presidency and leadership studies.
856 4 0 _uhttp://site.ebrary.com/lib/rucke/Doc?id=10436018
_zAn electronic book accessible through the World Wide Web; click to view
999 _c148061
_d148061